| 000 | 00851nam a2200241 a 4500 | ||
|---|---|---|---|
| 001 | 41089 | ||
| 003 | BD-RjUL | ||
| 005 | 20211209053328.0 | ||
| 008 | 160514m20011997i ||||| |||| 00| p ben d | ||
| 020 |
_a8170799848 _c: IRs. 45.00 |
||
| 035 | _a(BD-RjUL)41205 | ||
| 040 |
_aBD-RjUL _bben _cBD-RjUL _dBD-RjUL |
||
| 041 | _aben | ||
| 082 |
_223 _a891.441 _bDES 2001 |
||
| 100 |
_aদে, বিষ্ণু _9121613 |
||
| 245 | 1 | 0 |
_aস্মৃতি সত্তা ভবিষ্যৎ ও আরো কিছু কবিতা / _cবিষ্ণু দে |
| 250 | _a২য় সং. | ||
| 260 |
_aকলিকাতা : _bদে'জ পাবলিশিং, _c২০০১ |
||
| 300 |
_a১২০ পৃ. ; _c২৩ সেমি. |
||
| 650 |
_aবাংলা কবিতা _9126409 |
||
| 650 |
_aBengali Poetry _9126410 |
||
| 942 |
_2ddc _cBK |
||
| 999 |
_c41089 _d41089 |
||